Closing time for landlord? (Record no. 73424)
[ view plain ]
| 000 -LEADER | |
|---|---|
| fixed length control field | 01217cam a2200241 4500 |
| 001 - CONTROL NUMBER | |
| control field | X123644 |
| 008 - FIXED-LENGTH DATA ELEMENTS--GENERAL INFORMATION | |
| fixed length control field | 030917n2003 000 0 eng u |
| 035 ## - SYSTEM CONTROL NUMBER | |
| System control number | (Sirsi) u123644 |
| 100 ## - MAIN ENTRY--PERSONAL NAME | |
| Personal name | Croft, R. |
| 245 ## - TITLE STATEMENT | |
| Title | Closing time for landlord? |
| 260 ## - PUBLICATION, DISTRIBUTION, ETC. | |
| Date of publication, distribution, etc. | 2003 |
| 490 ## - SERIES STATEMENT | |
| Series statement | Estates Gazette |
| Volume/sequential designation | (0332) 9 August 2003, 65(1) |
| 520 ## - SUMMARY, ETC. | |
| Summary, etc. | Investigates the next stage in the long-running pub dispute between Inntrepreneur and its tenants. The tenth anniversary of "Crehan v Inntrepreneur" was marked by the High Court ruling (2003) EWHC 1510 (Ch); (2003) 27 EG138 (CS) which found that Inntrepreneur's network of beer ties did not breach European competition law. The ruling conflicts with European Commission decisions concerning other brewer landlords. Article concludes the judgment raises the issue of whether an English judge or the European Commission is better equipped to carry out economic assessments. The case will now go to the Court of Appeal. |
| 590 ## - LOCAL NOTE (RLIN) | |
| Local note | ABS |
| 650 ## - SUBJECT ADDED ENTRY--TOPICAL TERM | |
| Topical term or geographic name entry element | EUROPEAN COMPETITION LAWS |
| 650 ## - SUBJECT ADDED ENTRY--TOPICAL TERM | |
| Topical term or geographic name entry element | EUROPEAN COMMISSION |
| 650 ## - SUBJECT ADDED ENTRY--TOPICAL TERM | |
| Topical term or geographic name entry element | BEER TIES |
| 650 ## - SUBJECT ADDED ENTRY--TOPICAL TERM | |
| Topical term or geographic name entry element | CAUSATION |
| 650 ## - SUBJECT ADDED ENTRY--TOPICAL TERM | |
| Topical term or geographic name entry element | LOSS |
| 650 ## - SUBJECT ADDED ENTRY--TOPICAL TERM | |
| Topical term or geographic name entry element | TREATY OF ROME ART 81 |
| 690 ## - LOCAL SUBJECT ADDED ENTRY--TOPICAL TERM (OCLC, RLIN) | |
| Topical term or geographic name as entry element | PROPERTY-LANDLORD AND TENANT |
| 942 ## - ADDED ENTRY ELEMENTS (KOHA) | |
| Suppress in OPAC | 0 |
| Withdrawn status | Lost status | Source of classification or shelving scheme | Damaged status | Not for loan | Home library | Current library | Shelving location | Date acquired | Total Checkouts | Full call number | Barcode | Date last seen | Copy number | Price effective from | Koha item type |
|---|---|---|---|---|---|---|---|---|---|---|---|---|---|---|---|
| Dewey Decimal Classification | London | London | Journal article | 17/09/2003 | X123644 | 123644-1001 | 06/08/2019 | 1 | 06/08/2019 | Journal article |